Normal view
MARC view
Entry Personal Name
001 - CONTROL NUMBER
- control field: 2724
003 - CONTROL NUMBER IDENTIFIER
- control field: AM-YEHGA
005 - DATE AND TIME OF LATEST TRANSACTION
- control field: 20250617070438.0
008 - FIXED-LENGTH DATA ELEMENTS
- fixed length control field: 060313 a|ac|n|aab||||||||||||a |n|||||||
040 ## - CATALOGING SOURCE
- Original cataloging agency: AM-YEHGA
100 1# - HEADING--PERSONAL NAME
- Personal name: Գեղամյան, Սեյրանուհի Հայկազի,
- Dates associated with a name: 1952-
400 1# - SEE FROM TRACING--PERSONAL NAME
- Personal name: Գեղամյան, Սեյրանուհի,
- Dates associated with a name: 1952-
400 1# - SEE FROM TRACING--PERSONAL NAME
- Personal name: Գեղամյան, Սեյրանուհի
400 1# - SEE FROM TRACING--PERSONAL NAME
- Personal name: Գեղամյան, Ս.
- Fuller form of name: (Սեյրանուհի),
- Dates associated with a name: 1952-
400 1# - SEE FROM TRACING--PERSONAL NAME
- Personal name: Гегамян, Сейрануи Айказовна,
- Dates associated with a name: 1952-
400 1# - SEE FROM TRACING--PERSONAL NAME
- Personal name: Geghamyan, Seyranuhi,
- Dates associated with a name: 1952-
670 ## - SOURCE DATA FOUND
- Information found: Սեյրանուհի Հայկազի Գեղամյան (ծ. 10.1.1952 թ., Երևան), բանասեր, խմբագիր: Սփյուռքի մասին գրող լավագույն լրագրողի մրց. (1990):
670 ## - SOURCE DATA FOUND
- Source citation: Վլադիմիր Սպիվակովի միջազգային բարեգործական հիմնադրամը Հայաստանում = Международный благотворительный фонд Владимира Спивакова в Армении = Vladimir Spivakov international charity foundation in Armenia, 2002 :
- Information found: տիտղթ. (Խմբ.՝ Ս. Գեղամյան)
670 ## - SOURCE DATA FOUND
- Source citation: Զրույցներ էթիկայի և էթիկետի մասին, 2003 :
- Information found: տիտղթ. (Սեյրանուհի Գեղամյան)
670 ## - SOURCE DATA FOUND
- Source citation: Arshil Gorki Adoyan : namakner, 2005 :
- Information found: t.p. (Seyranuhi Geghamyan)
ՀՀ Գիտությունների ազգային ակադեմիայի հիմնարար գիտական գրադարան = Fundamental Scientific Library of NAS RA
All site content, except where otherwise noted, is licensed under a